Famous classic tales

Bibliographic Details
Format: Book

MARC

LEADER 00000cam a2200000 7i4500
001 0000009191
002 000010009
005 20000330.0
020 |a T000000748 
090 0 0 |a JF   |b HOU 
245 1 0 |a Famous classic tales 
999 |a 048219   |b BUKU   |c PINJAMAN   |e PERPUSTAKAAN KOMUNITI PETALING JAYA